Представление документа в формате RUSMARC

ПолеНазваниеЗначение
  Тип записи a
  Библиографический уровень a
001 Контрольный номер RU/УОНБ/EK_KRAY/320901822
005 Дата корректировки 20250324122454.8
100 Данные общей обработки __
a Данные общей обработки 20041026d2004 u u0rusy0103 ba
101 Язык документа 0_
a Язык текста rus
200 Заглавие и сведения об ответственности 1_
a Заглавие Кузьма, Демьян и 181 талант
f Первые сведения об ответственности А. Школьная
210 Выходные данные 1_
d Дата издания 2004
330 Аннотация __
a Аннотация Традиционная детская выставка-конкурс в Музее народного творчества. Тема конкурса - народные и христианские праздники, обряды и обычаи.
461 Уровень набора _0
1 2001
a Народная газета
463 Уровень физической единицы _0
1 2000
a 19 окт.
1 210
d 2004
1 215
c ил., фото
610 Ключевые слова 0_
a Ключевые слова святые в Древней Руси
610 Ключевые слова 0_
a Ключевые слова выставки
686 Индексы других классификаций __
a Классификационный индекс 79.17
2 Код системы rubbk
700 Автор _1
a Фамилия Школьная
b Имя (инициалы) А.
801 Источник записи _0
a Страна RU
b Организация Ульяновская ОНБ
c Дата составления 20041026
g Правила каталогизации PSBO
801 Источник записи _1
a Страна RU
b Организация Ульяновская ОНБ
c Дата составления 20041026
901 Тип документа __
t Тип документа f
938 Служебная информация __
a Имя БД kraeved_work
b Имя библиотеки УОНБ
c Имя АИБС МАРК-SQL
d Номер DOC_ID в БД 45729